000 00666nam a2200193Ia 4500
003 GCL
008 140319s9999 xx 000 0 ara d
040 _aGCL /
_cGCL
082 0 4 _a332.2
_bم ا
100 1 _aمنير ابراهيم هندى
245 1 0 _aادارة البنوك التجارية مدخل اتخاذالقرارات /
_cمنير ابراهيم هندى
260 _aالقاهرة :
_bالمكتب العربى الحديث ،
_c1992
300 _a433
490 _a
650 0 4 _aاتخاذ القرارات
650 0 4 _aالبنوك - قوانين وتشريعات
650 0 4 _aالبنوك - تنظيم و ادارة
942 _2ddc
_cBK
999 _c28830
_d28830